[Event "IECC M email"]
[Site "IECC email"]
[Date "1999.10.22"]
[Round "?"]
[White "Delorey, Jeremy"]
[Black "Noorda, Frank"]
[Result "0-1"]
[WhiteElo "1615"]
[BlackElo "1600"]
[PlyCount "56"]
[EventDate "1999.??.??"]
[EventType "tourn (corr)"]
[EventRounds "6"]
[SourceTitle "Corr 2008"]
[Source "ChessBase"]
[SourceDate "2008.06.24"]
[SourceVersion "1"]
[SourceVersionDate "2008.06.24"]
[SourceQuality "1"]

1. d4 d5 2. c4 Nc6 3. Nf3 Bg4 4. cxd5 Bxf3 5. gxf3 Qxd5 6. e3 Nf6 7. Nc3 Qd8 8. d5 Ne5 9. f4 Ned7 10. Qb3 Nb6 11. Bg2 g6 12. Bd2 Bg7 13. Rc1 0-0 14. 0-0 Nfd7 15. Rfd1 a6 16. Ne2 Re8 17. Bc3 Bf8 18. Qc2 Rc8 19. a4 Nc4 20. b3 Nd6 21. e4 Bh6 22. e5 Nf5 23. e6 Nf6 24. Bh3 fxe6 25. dxe6 Nd6 26. Bg2 c6 27. Bxf6 exf6 28. Qc4 Nxc4 0-1